00867cam a22002651 4500001001300000003000400013005001700017008004100034010001700075025001900092040001800111043001200129050001800141100002900159245006000188260004600248300002700294350001200321500010100333504003000434650002000464651003600484710006400520999001700584sa 68004963 DLC20260227112505.0711216s1967 pk b 000 0 eng  asa 68004963  aPL480:P-E-1389 aDLCcDLCdDLC aa-ii---00aDS475.1b.A340 aAbdul Hamidc(Professor)10aMuslim separatism in India;ba brief survey, 1858-1947. a[Lahore]bOxford University Press,c1967. axv, 263, xi p.c22 cm. aRs12.50 a"Published under the auspices of the Social Sciences Research Centre, University of the Panjab." aBibliography: p. 262-263. 0aMuslimszIndia. 0aIndiaxPolitics and government.2 aUniversity of the Punjab.bSocial Sciences Research Centre. c80462d80462